| 000 | 00614nam a22002057a 4500 | ||
|---|---|---|---|
| 999 |
_c1159 _d1159 |
||
| 001 | 8358 | ||
| 003 | BD-DhUAP | ||
| 005 | 20200203130310.0 | ||
| 008 | 200203r20001998ii ||||| |||| 00| 0 eng d | ||
| 040 |
_aBD-DhUAP _bEng _cBD-DhUAP _dBD-DhUAP |
||
| 082 |
_223 _a349.54 AGA |
||
| 100 | _aAgarwala, R. K. | ||
| 245 |
_aHindu law : _bcodified and uncodified / _cR. K. Agarwala ; edited by R. K. Sinha. |
||
| 250 | _a20th ed. | ||
| 260 |
_aAllahabad : _bCentral Law Agency, _cc1998 [Reprinted 200]. |
||
| 300 |
_axxxii, 404 pages ; _c24 cm. |
||
| 650 |
_aHindu law _zIndia. |
||
| 700 | _aSinha, R. K. | ||
| 942 |
_2ddc _cBK |
||